Представление документа в формате MARC21

ПолеНазваниеЗначение
  Тип записи a
  Библиографический уровень m
001 Контрольный номер BIBLIOCLUB\0000483454
005 Дата корректировки 20220829112659.8
006 m o d
007 Элементы данных для физической характеристики c|||||||||||||
008 Кодируемые данные s2017 rus o rus d
041 Код языка издания 0_
a Код языка текста rus
084 Индекс другой классификации/Индекс ББК __
a Индекс другой классификации/Индекс ББК 60.842.6я73
b Номер единицы LBC/PL
2 Источник индекса rubbk
084 Индекс другой классификации/Индекс ББК __
a Индекс другой классификации/Индекс ББК 76.0я73
b Номер единицы LBC/PL
2 Источник индекса rubbk
245 Заглавие 10
a Заглавие Методические рекомендации по подготовке курсовых и дипломных работ по направлению 42.03.01 «Реклама и связи с общественностью (бакалавриат)»
b Продолж. заглавия методическое пособие
c Ответственность сост. О. Ю. Гаврикова
c Ответственность сост. М. В. Елкина
c Ответственность сост. А. Д. Паутов
c Ответственность сост. Л. Г. Пушкарева
c Ответственность сост. Т. В. Слепцова
260 Выходные данные __
a Место издания Омск
b Издательство Сибирский государственный университет физической культуры и спорта
c Дата издания 2017
300 Физическое описание __
a Объем 52 с.
653 Ключевые слова 1_
a Ключевые слова Учебник для высшей школы
702 _1
a Гаврикова
b О. Ю.
4 220
702 _1
a Елкина
b М. В.
4 220
702 _1
a Паутов
b А. Д.
4 220
702 _1
a Пушкарева
b Л. Г.
4 220
702 _1
a Слепцова
b Т. В.
4 220
856 Электронный адрес документа 40
3 Область применения данных поля Университетская библиотека ONLINE
u URL https://biblioclub.ru/index.php?page=book&id=483454